00443nam a2200157Ia 4500008004100000040001900041041001200060082001700072100002100089245003900110260004200149300002400191440003400215650001300249850002300262131103s9999 xx 000 0 und d aLoreto College aEnglish aCHBKb#NAME? aDickens, Charles 2aA christmas carolcCharles Dickens aLondonbOxford University Pressc1964 a66p.b ill.c 19cm. aTales retold for easy reading aCHBK - 1 aLCBED/CHBK - 1/DIC